000 00299nam a22001337a 4500
008 171004b xxu||||| |||| 00| 0 eng d
020 _a2900205594954
041 _aeng
080 _214TH
_a159.9
100 _a48
101 _aPSI
245 _aABNORMAL PSYCHOLOGY
_cBUTCHER,J,N
942 _2udc
_cBK
999 _c31710
_d31710